Biblioteca

Living Abundantly (Registro nro. 34412)

Detalles MARC
000 -LÍDER
Campo fijo de descripción fija 00700nam a22002297a 4500
001 - NÚMERO DE CONTROL
Campo de control 3781
003 - IDENTIFICADOR DEL NÚMERO DE CONTROL
Campo de control CO-MdFUSB
005 - FECHA Y HORA DE LA ULTIMA TRANSACCIÓN
control field 20180622073140.0
008 - ELEMENTOS DE LONGITUD FIJA -- INFORMACIÓN GENERAL
Campo fijo de descripción fija -- Información general 180320t1973 xxu||||| |||| 00| 0 eng d
040 ## - FUENTE DE CATALOGACIÓN
Agencia de catalogación original CO-MdFUSB
Idioma de catalogación spa
Agencia que realiza la transcripción CO-MdFUSB
Agencia que realiza la modificación CO-MdFUSBC
Convenciones de la descripción rda
041 0# - CÓDIGO DE IDIOMA
Código de idioma para texto/pista de sonido o título separado eng
082 04 - NÚMERO DE CLASIFICACIÓN DECIMAL DEWEY
Número de clasificación G 227.5 E643a
100 1# - ASIENTO PRINCIPAL--NOMBRE PERSONAL
Nombre personal Epp, Theodore H. (1907-)
Término relacionador autor
245 10 - TÍTULO
Título del Material Living Abundantly
Parte restante del título - Subtitulo : Studies in Ephesians
Mención de responsabilidad, etc. / Theodore H. Epp
264 #4 - PRODUCCIÓN, PUBLICACIÓN, DISTRIBUCIÓN, MANUFACTURA, Y COPYRIGHT
Lugar de producción, publicación, distribución, manufactura Lincoln, Nebraska, USA :
Nombre del productor, publicador, distribuidor Back to the Bible,
Fecha de producción, publicación, distribución, manufactura, o copyright ©1973
300 ## - DESCRIPCIÓN FÍSICA
Extensión 136 Pag
336 ## - TIPO DE CONTENIDO
Fuente rdacontent
Término de tipo de contenido texto
Código de tipo de contenido txt
337 ## - TIPO DE MEDIO
Fuente rdamedia
Nombre del tipo de medio sin mediación
Código del tipo de medio n
338 ## - TIPO DE SOPORTE
Fuente rdacarrier
Nombre del tipo de soporte volumen
Código Tipo de soporte nc
653 ## - TÉRMINO DE INDIZACIÓN - NO CONTROLADO
Término no controlado Biblia N.T. - Efesios - Comentarios
942 ## - TIPO DE MATERIAL (KOHA)
Tipo de Item KOHA Libros General
Existencias
Estado de Material Estado de Perdido Volumen-Parte/Tomo Estado de Dañado No para Préstamo Colección Tomo Biblioteca de Origen Biblioteca Permanente Fecha de Adquisición Total de Préstamos Signatura Topográfica Código de Barras Última vez visto Ejemplar/Existencia Fecha de Remplazo Tipo de Material Última vez Préstado
    1     Colección General   Biblioteca FUSBC Biblioteca FUSBC 02/12/2004   G 227.5 E643a 2411 12/12/2019 1 26/01/2016 Libros General  
    3     Colección General   Biblioteca FUSBC Biblioteca FUSBC 02/12/2004   G 227.5 E643a 2413 12/12/2019 1 26/01/2016 Libros General  
    2     Colección General   Biblioteca FUSBC Biblioteca FUSBC 02/12/2004 1 G 227.5 E643a 2412 12/12/2019 1 26/01/2016 Libros General 04/11/2017

Biblioteca FUSBC | Teléfono: (57+4) 349 88 10 Ext. 141| WhatsApp (+57) 3005338115 
E-mail: biblioteca@unisbc.edu.co | Calle 76 87-14 Robledo Palenque, Medellín, Colombia

Con tecnología Koha